[Event "Druzynowe Mistrzostw Polski Juniorow - II Liga"]
[Site "Wroclaw"]
[Date "1899-12-30"]
[Round "1.25"]
[White "Malinowski, Szymon"]
[Black "Wnek, Filip"]
[Result "0-1"]
[WhiteTitle "I"]
[BlackTitle "I++"]
[WhiteElo "1824"]
[BlackElo "2032"]

1. d4 f5 2. Bf4 Nf6 3. e3 d6 4. Nf3 g6 5. c4 Bg7 6. Nc3 O-O 7. Be2 Qe8 8. d5 e5
9. dxe6 Bxe6 10. O-O h6 11. h4 Qf7 12. Qa4 Nbd7 13. Nb5 Nh5 14. Qc2 Nc5 15. Bh2
a6 16. Nbd4 Bd7 17. Rad1 Rae8 18. b4 Ba4 19. Nb3 Ne4 20. Bd3 Qe7 21. Rc1 g5 22.
hxg5 hxg5 23. Nfd2 g4 24. Nxe4 fxe4 25. Be2 Qh4 26. Qd1 Bd7 27. g3 Qh3 28. Nc5
Bf5 29. Nxb7 Re6 30. Re1 Nxg3 31. Bxg3 Rh6 0-1

[Event "Druzynowe Mistrzostw Polski Juniorow - II Liga"]
[Site "Wroclaw"]
[Date "1899-12-30"]
[Round "1.26"]
[White "Rainer, Piotr"]
[Black "Trzebinski, Patryk"]
[Result "1/2-1/2"]
[WhiteTitle "I"]
[BlackTitle "I++"]
[WhiteElo "1709"]
[BlackElo "1782"]

1. e4 c5 2. Nf3 g6 3. d4 cxd4 4. Qxd4 Nf6 5. Bb5 a6 6. e5 Ng8 7. Bc4 Nc6 8. Bxf7+
Kxf7 9. e6+ dxe6 10. Ng5+ Ke8 11. Qxh8 Nf6 12. Nxh7 Nxh7 13. Qxh7 Qa5+ 14. Nc3
Qf5 15. O-O b5 16. Be3 Bb7 17. Ne2 Kd7 18. Rad1+ Kc7 19. Qh4 e5 20. Qh3 Qxh3 21.
gxh3 Bg7 22. f3 Rh8 23. Kg2 Bc8 24. Ng1 Bf5 25. c3 e4 26. fxe4 Bxe4+ 27. Kg3 Bf6
28. Nf3 b4 29. Rc1 bxc3 30. bxc3 Rh5 31. h4 Ra5 32. Rf2 Ra3 33. Bd2 Na5 34. c4
Nc6 35. Re1 Bxf3 36. Rxf3 Bxh4+ 37. Kxh4 Rxf3 38. Kg5 Rf2 39. Bf4+ Kd7 40. Bg3
Rf6 41. Re3 Ke8 42. Be1 Nd4 43. Kg4 Re6 44. Rxe6 Nxe6 45. Bf2 Kd7 46. Kf3 Kd6
47. Ke4 Ng5+ 48. Kd3 Ne6 49. Be3 Nc5+ 50. Kc3 Ne4+ 51. Kb4 Kc6 52. Ka5 Nd6 53.
Kb4 e5 54. Kc3 Ne4+ 55. Kd3 Nc5+ 56. Bxc5 Kxc5 57. Ke4 Kxc4 58. Kxe5 a5 59. Kf6
a4 60. Kxg6 a3 61. h4 Kc3 62. h5 Kb2 63. h6 Kxa2 64. h7 Kb1 65. h8=Q a2 1/2-1/2

[Event "Druzynowe Mistrzostw Polski Juniorow - II Liga"]
[Site "Wroclaw"]
[Date "1899-12-30"]
[Round "1.27"]
[White "Wons, Krystian"]
[Black "Micula, Jakub"]
[Result "0-1"]
[WhiteTitle "II"]
[BlackTitle "I"]
[WhiteElo "1138"]
[BlackElo "1623"]

1. e4 c6 2. d4 d5 3. exd5 cxd5 4. Bd3 Nf6 5. c3 Bg4 6. Nf3 Nc6 7. Bf4 e6 8. O-O
Be7 9. Nbd2 O-O 10. Qc2 Rc8 11. a3 Bxf3 12. Nxf3 Qa5 13. Ne5 Nxd4 14. Qd1 Nc6
15. Ng4 d4 16. cxd4 Nxd4 17. Nxf6+ Bxf6 18. Qg4 h5 19. Qd1 Rfd8 20. b4 Qd5 21.
Rc1 Rxc1 22. Bxc1 Nb3 0-1

[Event "Druzynowe Mistrzostw Polski Juniorow - II Liga"]
[Site "Wroclaw"]
[Date "1899-12-30"]
[Round "1.28"]
[White "Kozak, Karol"]
[Black "Zalewski, Witold"]
[Result "1-0"]
[WhiteTitle "I"]
[BlackTitle "II"]
[WhiteElo "1490"]
[BlackElo "1231"]

1. e4 c5 2. Nf3 Nc6 3. d4 cxd4 4. Nxd4 g6 5. c4 Bg7 6. Be3 d6 7. Nc3 Nf6 8. Be2
O-O 9. O-O Bd7 10. f3 Rc8 11. Qd2 Ne5 12. b3 a6 13. Rfd1 Ne8 14. Rac1 Nc7 15.
Bh6 Ne6 16. Nxe6 Bxe6 17. Bxg7 Kxg7 18. Qe3 Qc7 19. Na4 Bd7 20. Nb6 Qc5 21. Qxc5
Rxc5 22. f4 Rc6 23. fxe5 Rxb6 24. c5 Rb4 25. Bf3 Bc6 26. cxd6 Bxe4 27. Bxe4 Rxe4
28. d7 Rd8 29. Rc8 Rxd7 30. Rxd7 Rxe5 31. Rxb7 1-0

[Event "Druzynowe Mistrzostw Polski Juniorow - II Liga"]
[Site "Wroclaw"]
[Date "1899-12-30"]
[Round "1.29"]
[White "Skolska, Emilia"]
[Black "Gaczol, Julia"]
[Result "0-1"]
[WhiteTitle "I++"]
[BlackTitle "I+"]
[WhiteElo "1517"]
[BlackElo "1490"]

1. e4 c5 2. Nc3 Nc6 3. f4 g6 4. Nf3 Bg7 5. Bb5 Nd4 6. O-O Nxb5 7. Nxb5 d5 8. e5
a6 9. Nc3 e6 10. d4 c4 11. a4 b6 12. Qe1 Ne7 13. g4 h5 14. h3 Nc6 15. Ne2 hxg4
16. hxg4 Bd7 17. Qg3 b5 18. Qg2 bxa4 19. Ng3 Qb6 20. c3 O-O-O 21. Qf2 Rdf8 22.
Be3 Ne7 23. Kg2 Kc7 24. Qd2 Rb8 25. Rf2 Ng8 26. f5 gxf5 27. gxf5 exf5 28. e6 Qxe6
29. Bf4+ Kb7 30. Bxb8 Kxb8 31. Qf4+ Kb7 32. Ng5 Qg6 33. Nxf5 f6 0-1

[Event "Druzynowe Mistrzostw Polski Juniorow - II Liga"]
[Site "Wroclaw"]
[Date "1899-12-30"]
[Round "1.30"]
[White "Drozd, Gabriela"]
[Black "Kaczmarek, Paulina"]
[Result "0-1"]
[WhiteTitle "I"]
[BlackTitle "I"]
[WhiteElo "1185"]
[BlackElo "1092"]

1. e4 c5 2. Nf3 d6 3. d4 cxd4 4. Nxd4 Nf6 5. Nc3 g6 6. Be3 Bg7 7. f3 O-O 8. Qd2
Nc6 9. O-O-O Bd7 10. g4 Rc8 11. h4 h5 12. gxh5 Nxh5 13. Be2 Ne5 14. Rdg1 Nc4 15.
Bxc4 Rxc4 16. Nde2 Qa5 17. f4 Rfc8 18. f5 Nf6 19. fxg6 Nxe4 20. gxf7+ Kxf7 21.
Qd3 Bxc3 22. Nxc3 Bf5 23. Qe2 Nxc3 24. Qh5+ Ke6 25. Qh6+ Kd7 26. bxc3 Qa3+ 27.
Kd1 Qxc3 28. Rh2 Bxc2+ 29. Ke2 Re4 30. Qg5 Qd3+ 31. Kf2 Rf8+ 32. Kg2 Qe2+ 33.
Kh1 Qf3+ 34. Rhg2 Rxe3 0-1

[Event "Druzynowe Mistrzostw Polski Juniorow - II Liga"]
[Site "Wroclaw"]
[Date "1899-12-30"]
[Round "1.31"]
[White "Jedrusik, Adam"]
[Black "Cichon, Bartlomiej"]
[Result "0-1"]
[WhiteTitle "I++"]
[BlackTitle "I"]
[WhiteElo "1960"]
[BlackElo "1938"]

1. d4 g6 2. c4 Nf6 3. Nc3 Bg7 4. e4 d6 5. f3 O-O 6. Be3 Nc6 7. Nge2 a6 8. Qd2 Rb8
9. Rc1 Bd7 10. Nd1 b5 11. c5 e6 12. Nf2 Ne8 13. Bh6 f5 14. Bxg7 Nxg7 15. Qe3 Qf6
16. cxd6 cxd6 17. Nd3 e5 18. dxe5 Nxe5 19. Nxe5 Qxe5 20. Qc3 Qe7 21. exf5 Nxf5
22. Kf2 Rbc8 23. Qd2 Be6 24. g4 Qa7+ 25. Kg2 Nh4+ 26. Kh3 Rxf3+ 27. Ng3 Rxc1 28.
Qxc1 Qe7 29. Be2 Bxg4+ 30. Kxg4 h5+ 0-1

[Event "Druzynowe Mistrzostw Polski Juniorow - II Liga"]
[Site "Wroclaw"]
[Date "1899-12-30"]
[Round "1.32"]
[White "Bajer, Tomasz"]
[Black "Haliniak, Wojciech"]
[Result "0-1"]
[WhiteTitle "II+"]
[BlackTitle "I"]
[WhiteElo "1369"]
[BlackElo "1827"]

1. Nf3 f5 2. g3 Nc6 3. Bg2 e5 4. d3 d5 5. O-O Nf6 6. c4 d4 7. Nbd2 a5 8. a3 Bc5
9. Rb1 Qe7 10. Qc2 O-O 11. Nb3 Bb6 12. Bd2 a4 13. Nc1 Bc5 14. Na2 e4 15. dxe4
fxe4 16. Ng5 Bf5 17. Bh3 Bg6 18. Ne6 e3 19. Bf5 exd2 20. Nxf8 Bxf5 21. Qxf5 Rxf8
22. Qd3 Ne5 23. Qxd2 Ne4 24. Qc1 Ng4 25. f3 d3+ 0-1

[Event "Druzynowe Mistrzostw Polski Juniorow - II Liga"]
[Site "Wroclaw"]
[Date "1899-12-30"]
[Round "1.33"]
[White "Leszczewicz, Karol"]
[Black "Nowakowski, Maksymilian"]
[Result "1/2-1/2"]
[WhiteTitle "I+"]
[BlackTitle "II+"]
[WhiteElo "1519"]
[BlackElo "1363"]

1. d4 e6 2. c4 f5 3. Nf3 d5 4. Nc3 c6 5. Bg5 Nf6 6. e3 Bd6 7. Bd3 O-O 8. O-O Nbd7
9. Rc1 Qe8 10. cxd5 Nxd5 11. Nxd5 exd5 12. Bf4 Qe6 13. Re1 h6 14. Qc2 Bb4 15.
Re2 g5 16. Bc7 Nf6 17. h4 Ne8 18. Bg3 g4 19. Ne5 Nd6 20. a3 Ba5 21. Bf4 h5 22.
g3 Ne4 23. b4 Bc7 24. Qb2 Bxe5 25. Bxe5 b5 26. Bc2 a6 27. Bb3 Bd7 28. Rec2 Rfc8
29. Kg2 Kh7 30. Qa2 Qg8 31. Qb2 Qe6 32. Ra1 Ra7 33. Qc1 Kg8 34. Kg1 Kh7 35. Kg2
Kg8 36. Kg1 1/2-1/2

[Event "Druzynowe Mistrzostw Polski Juniorow - II Liga"]
[Site "Wroclaw"]
[Date "1899-12-30"]
[Round "1.34"]
[White "Spytek, Hubert"]
[Black "Krogulski, Maksymilian"]
[Result "0-1"]
[WhiteTitle "II"]
[BlackTitle "I"]
[WhiteElo "1257"]
[BlackElo "1584"]

1. d4 d5 2. c4 c6 3. Nf3 e6 4. g3 dxc4 5. Bg2 b5 6. a4 Bb7 7. Ne5 Qc8 8. O-O Nf6
9. Nc3 Nbd7 10. Rb1 a6 11. e4 Nxe5 12. dxe5 Nd7 13. f4 Nc5 14. Be3 Nd3 15. b3
Bb4 16. bxc4 bxc4 17. Na2 a5 18. Bd2 c5 19. Qc2 Ba6 20. Rfd1 Qd7 21. Be3 O-O 22.
Bf1 Rfc8 23. Nc1 Rd8 24. Ne2 Qc6 25. Bg2 Rac8 26. Bf3 Rc7 27. Rf1 Rcd7 28. h3
c3 29. Kh2 Nb2 30. Rf2 Bd3 31. Qc1 Bxb1 32. Qxb1 Nd1 33. Rf1 Nxe3 34. Rc1 Rd1
35. Nxc3 Rxc1 36. Qxc1 Bxc3 37. Qxc3 Nf1+ 38. Kg1 Nd2 39. Be2 Qd7 40. Qc2 Qd4+
41. Kg2 Qxe4+ 42. Kf2 Qxc2 0-1

[Event "Druzynowe Mistrzostw Polski Juniorow - II Liga"]
[Site "Wroclaw"]
[Date "1899-12-30"]
[Round "1.35"]
[White "Zybrant, Sandra"]
[Black "Gornisiewicz, Natalia"]
[Result "1-0"]
[WhiteTitle "I"]
[BlackTitle "I++"]
[WhiteElo "1354"]
[BlackElo "1425"]

1. d4 Nf6 2. c4 g6 3. Nc3 Bg7 4. e4 d6 5. Be2 O-O 6. Be3 Na6 7. Nf3 c5 8. d5 Bd7
9. O-O Rb8 10. Qc1 Nc7 11. Bh6 a6 12. a4 b5 13. Bxg7 Kxg7 14. axb5 axb5 15. Re1
b4 16. e5 dxe5 17. Nd1 e4 18. Nd2 Bf5 19. Ne3 Bc8 20. Qc2 Qd6 21. Nxe4 Nxe4 22.
Qxe4 f5 23. Qc2 f4 24. Nf1 e5 25. Nd2 Bf5 26. Bd3 Ne8 27. Nf3 Bxd3 28. Qxd3 Rf5
29. Nd2 Nf6 30. b3 Re8 31. f3 h5 32. Ra2 Rg5 33. Kf1 h4 34. Rea1 Rc8 35. Ra6 Qd7
36. Rxf6 h3 37. Raa6 hxg2+ 38. Kg1 Qe8 39. Rae6 Qh8 40. Rxg6+ Rxg6 41. Qxg6+ Kf8
42. Qf5+ Kg7 43. Rg6+ Kh7 44. Qh5# 1-0

[Event "Druzynowe Mistrzostw Polski Juniorow - II Liga"]
[Site "Wroclaw"]
[Date "1899-12-30"]
[Round "1.36"]
[White "Gornisiewicz, Gabriela"]
[Black "Malicka, Magdalena"]
[Result "0-1"]
[WhiteTitle "II+"]
[BlackTitle "I"]
[WhiteElo "1217"]
[BlackElo "1271"]

1. e4 e5 2. Nc3 Nf6 3. g3 Bc5 4. Bg2 O-O 5. Nge2 a6 6. O-O d6 7. h3 c6 8. Kh2 d5
9. d4 exd4 10. Na4 Ba7 11. exd5 Nxd5 12. Nxd4 Qa5 13. b3 Rd8 14. Nf3 Bf5 15. Bd2
Qc7 16. Nh4 Be6 17. Qf3 Nd7 18. c4 Ne7 19. Bg5 Ne5 20. Qe2 Nd3 21. Be4 Nc5 22.
Nxc5 Bxc5 23. Qc2 h6 24. Bf4 Qc8 25. Qc1 Bxh3 26. Bg2 Bxg2 27. Kxg2 Nf5 28. Rh1
Qe6 29. Qc2 Nxh4+ 30. Rxh4 Bd4 31. Rah1 Qg6 32. Qe2 Re8 33. Qf3 Qe4 34. Bxh6 Qxf3+
35. Kxf3 gxh6 36. Rxd4 Re6 37. Rh5 Rae8 38. Rd7 Rf6+ 39. Kg4 Re2 40. f4 b6 41.
a4 Re3 42. Rb7 Rxb3 43. a5 b5 44. cxb5 cxb5 45. Rb6 Rg6+ 46. Kf5 Kg7 47. g4 Rc3
48. Ke4 Rxb6 49. axb6 Rc6 50. b7 Rb6 51. Rc5 Rxb7 52. Rc6 a5 53. Kd4 b4 54. Ra6
b3 0-1

[Event "Druzynowe Mistrzostw Polski Juniorow - II Liga"]
[Site "Wroclaw"]
[Date "1899-12-30"]
[Round "1.37"]
[White "Jaskiewicz, Kacper"]
[Black "Zabron, Maksym"]
[Result "0-1"]
[WhiteTitle "I"]
[BlackTitle "I++"]
[WhiteElo "1756"]
[BlackElo "1947"]

1. e4 c5 2. Nf3 e6 3. d4 cxd4 4. Nxd4 Nc6 5. Nc3 Qc7 6. Be3 a6 7. Nxc6 bxc6 8.
Be2 Nf6 9. O-O Bb4 10. Qd4 c5 11. Qc4 Bb7 12. Na4 Nxe4 13. c3 d5 14. Qb3 Ba5 15.
Nxc5 Nxc5 16. Bxc5 Qxc5 17. Qxb7 O-O 18. Qd7 Bc7 19. Qa4 Rfd8 20. Rfd1 e5 21.
Rac1 e4 22. g3 Bb6 23. Rf1 f5 24. b4 Qe7 25. Qc6 Rab8 26. Kg2 Rd6 27. Qa4 f4 28.
f3 fxg3 29. hxg3 Rg6 30. Qd1 Rd8 31. fxe4 Bc7 32. Rf3 dxe4 33. Bc4+ Kh8 34. Rf7
Qh4 35. Qd4 Rxg3+ 36. Kf1 Qh1+ 37. Ke2 Rg2+ 38. Rf2 Rxf2+ 39. Qxf2 Qxc1 40. Qa7
Qd2+ 41. Kf1 Rf8+ 42. Kg1 Qh2# 0-1

[Event "Druzynowe Mistrzostw Polski Juniorow - II Liga"]
[Site "Wroclaw"]
[Date "1899-12-30"]
[Round "1.38"]
[White "Pisarek, Jan"]
[Black "Stepinski, Piotr"]
[Result "1-0"]
[WhiteTitle "I"]
[BlackTitle "I"]
[WhiteElo "1832"]
[BlackElo "1568"]

1. e4 c5 2. Nf3 a6 3. c4 Nc6 4. d4 cxd4 5. Nxd4 e6 6. Nxc6 bxc6 7. Nc3 Bb4 8. Be2
Bxc3+ 9. bxc3 Ne7 10. c5 O-O 11. O-O f5 12. e5 f4 13. Qd4 g5 14. Bd3 Nf5 15. Bxf5
Rxf5 16. Rb1 Qc7 17. Re1 Kg7 18. Rb6 a5 19. c4 a4 20. a3 h6 21. Bb2 Rf8 22. Bc3
Re8 23. h4 Qd8 24. Rd1 Qe7 25. Rd3 Rh8 26. Rf3 Rf8 27. Bd2 Rf5 28. Rb4 Qf7 29.
hxg5 hxg5 30. g4 fxg3 31. Rxg3 Qh5 32. Qe3 Kf7 33. Rxg5 Rxg5+ 34. Qxg5 Qxg5+ 35.
Bxg5 Kg6 36. f4 Kf5 37. Kf2 Ke4 38. Kg3 Ra5 39. Bd8 Ra8 40. Be7 Kd4 41. Kf3 Ra5
42. Bh4 Kd3 43. Be7 Ba6 44. Bd6 Bxc4 45. Rb7 Bd5+ 46. Kg4 Kc4 47. Rxd7 Kb3 48.
f5 exf5+ 49. Kxf5 Kxa3 50. e6 Bxe6+ 51. Kxe6 Kb4 52. Rb7+ Kc4 53. Kd7 a3 54. Rb1
a2 55. Ra1 Kd5 56. Kc7 Ra7+ 57. Kb6 Ra3 58. Be7 Rb3+ 59. Ka5 Rb7 60. Bd6 Kc4 61.
Ka6 Rb2 62. Ka7 Kd5 63. Ka6 Kd4 64. Ka5 Kc4 65. Ka4 Rg2 66. Ka3 Rg4 67. Kxa2 Kd5
68. Kb3 Rd4 69. Re1 Rg4 70. Re5+ Kd4 71. Kb4 Rg1 72. Ka5 Rb1 73. Ka6 Rb3 74. Re7
Kd5 75. Rb7 Ra3+ 76. Kb6 Rb3+ 77. Kc7 Rh3 78. Kd7 Rh7+ 79. Be7 Rxe7+ 80. Kxe7
Kxc5 81. Ke6 Kd4 82. Rd7+ Kc4 83. Kd6 c5 84. Rc7 1-0

[Event "Druzynowe Mistrzostw Polski Juniorow - II Liga"]
[Site "Wroclaw"]
[Date "1899-12-30"]
[Round "1.39"]
[White "Gawlik, Olivier"]
[Black "Duda, Leon"]
[Result "0-1"]
[WhiteTitle "II+"]
[BlackTitle "I"]
[WhiteElo "1384"]
[BlackElo "1562"]

1. e4 c5 2. Nf3 d6 3. d4 cxd4 4. Nxd4 Nf6 5. Nc3 g6 6. Be3 Bg7 7. f3 a6 8. Qd2
h5 9. Bc4 b5 10. Bb3 Bb7 11. O-O-O Nbd7 12. Nd5 Nc5 13. Nxf6+ Bxf6 14. Bd5 Rc8
15. Kb1 Qc7 16. c3 Nd7 17. Ne2 Nb6 18. Bxb6 Qxb6 19. f4 a5 20. Bxb7 Qxb7 21. Qd5
Qxd5 22. Rxd5 Rb8 23. Rhd1 O-O 24. e5 dxe5 25. fxe5 e6 26. Rc5 Bg7 27. Rd6 Rfc8
0-1

[Event "Druzynowe Mistrzostw Polski Juniorow - II Liga"]
[Site "Wroclaw"]
[Date "1899-12-30"]
[Round "1.40"]
[White "Stanik, Szymon"]
[Black "Haladaj, Adam"]
[Result "0-1"]
[WhiteTitle "II"]
[BlackTitle "II"]
[WhiteElo "1249"]
[BlackElo "1361"]

1. e4 c5 2. Nf3 Nc6 3. d4 cxd4 4. Nxd4 g6 5. c4 Nf6 6. Nc3 d6 7. f3 Nxd4 8. Qxd4
Bg7 9. Be3 O-O 10. Qd2 Be6 11. Be2 Qa5 12. O-O Rfc8 13. Nd5 Qxd2 14. Bxd2 Nxd5
15. exd5 Bd7 16. Bc3 Bxc3 17. bxc3 Rc5 18. Rab1 b6 19. Rfe1 Kf8 20. Rb2 Ra5 21.
Bf1 Ra3 22. Rc1 Rc8 23. Kf2 Rc5 24. g4 Bc8 25. Rcc2 Ba6 26. Rb3 Ra4 27. Rb4 Rca5
28. Ke3 Rxa2 29. Rbb2 Rxb2 30. Rxb2 Ra4 31. Kd4 Kg7 32. g5 Bc8 33. Bd3 Ra1 34.
Bc2 e5+ 35. Ke3 Ra3 36. Kd2 Bd7 37. Bd3 Ra4 38. h4 Bf5 39. Ke3 Ra1 40. Bxf5 gxf5
41. Rh2 Rb1 42. Ra2 a5 43. Kd3 Kg6 44. Rh2 Kh5 45. Ke3 f4+ 46. Kd3 Kg6 47. Kc2
Rf1 48. Rh3 Kf5 49. Kd3 Rf2 50. c5 bxc5 51. c4 a4 52. Kc3 Rg2 53. Rh1 a3 54. Kb3
a2 55. Ka4 Rf2 56. Kb5 Rb2+ 57. Kc6 Rb1 0-1

[Event "Druzynowe Mistrzostw Polski Juniorow - II Liga"]
[Site "Wroclaw"]
[Date "1899-12-30"]
[Round "1.41"]
[White "Banasiak, Adrianna"]
[Black "Pisarek, Elzbieta"]
[Result "1/2-1/2"]
[WhiteTitle "I"]
[BlackTitle "I++"]
[WhiteElo "1447"]
[BlackElo "1804"]

1. e4 b6 2. d4 Bb7 3. Nc3 e6 4. Bd3 Nf6 5. Nge2 Bb4 6. O-O h6 7. e5 Nd5 8. Nxd5
Bxd5 9. c4 Bb7 10. Be3 O-O 11. f4 Be7 12. f5 exf5 13. Bxf5 Bg5 14. Qd3 d5 15.
Bxg5 Qxg5 16. Qf3 Nc6 17. cxd5 Ne7 18. Nc3 Rad8 19. Rad1 Nxf5 20. Qxf5 Qxf5 21.
Rxf5 Bxd5 22. Nxd5 Rxd5 23. Kf2 Rfd8 24. Rc1 R8d7 25. Rf4 g5 26. Re4 Rxd4 27.
Rxd4 Rxd4 28. Rxc7 Rd2+ 29. Kf3 a6 30. Rc6 Rxb2 31. Rxh6 Kg7 32. Rd6 a5 33. a4
Rb4 34. h3 Rxa4 35. Rxb6 Rb4 36. Ra6 a4 37. g3 Kf8 38. e6 Ke7 39. exf7 Kxf7 40.
Kf2 Ke7 41. Kf3 Kf7 42. Kf2 Rb2+ 43. Kf3 Rb4 44. Kf2 Rc4 45. Kg2 Ke7 46. Kf2 Kd7
47. Ra5 g4 48. hxg4 Rxg4 49. Kf3 1/2-1/2

[Event "Druzynowe Mistrzostw Polski Juniorow - II Liga"]
[Site "Wroclaw"]
[Date "1899-12-30"]
[Round "1.42"]
[White "Gajda, Anna"]
[Black "Kruszewska, Malgorzata"]
[Result "1/2-1/2"]
[WhiteTitle "II"]
[BlackTitle "II"]
[WhiteElo "1073"]
[BlackElo "1012"]

1. e4 e5 2. Nf3 Nf6 3. Nxe5 d6 4. Nf3 Nxe4 5. d3 Nf6 6. d4 d5 7. Bd3 Nc6 8. h3
Be7 9. O-O O-O 10. Bf4 h6 11. Re1 Bd6 12. Bxd6 Qxd6 13. Nc3 a6 14. a3 Bd7 15.
Qd2 Rfe8 16. Rxe8+ Bxe8 17. Re1 b5 18. Qe3 Bd7 19. Re2 Re8 20. Qd2 Rxe2 21. Qxe2
Qf4 22. Qd1 Ne4 23. Nxd5 Qf5 24. Nc3 Nxc3 25. Bxf5 Nxd1 26. Bxd7 Nb8 27. Bc8 Nxb2
28. d5 Nc4 29. Nd4 g6 30. Bg4 Nxa3 31. c3 Nc4 32. Kf1 Kg7 33. Ke1 Kf6 34. f4 Ne3
35. Bf3 Nf5 36. Nb3 g5 37. fxg5+ hxg5 38. Kd2 Ke5 39. Nc5 Ne7 40. Nd3+ Kd6 41.
Nb4 a5 42. Na2 Nxd5 43. Be2 c6 44. c4 Nf4 45. cxb5 Nxe2 46. Kxe2 cxb5 47. Kd3
Kc5 48. g3 f5 49. h4 gxh4 50. gxh4 Nd7 51. h5 Nf6 52. h6 b4 53. Nc1 a4 54. Ne2
a3 55. Kc2 Kc4 56. Nf4 b3+ 57. Kb1 Nh7 58. Ne2 Kd3 59. Nc1+ Kc4 60. Ne2 Kb4 61.
Nc1 Kc4 62. Ne2 Kd5 63. Nf4+ Ke5 64. Nd3+ Kf6 65. Nc5 b2 66. Kc2 Kg6 67. Ne6 Kxh6
68. Nd4 Kg6 69. Nb5 f4 70. Nxa3 f3 71. Nc4 Ng5 72. Kxb2 f2 73. Nd2 Ne4 74. Nf1
Kf5 75. Kc2 Kf4 76. Kd3 Kf3 1/2-1/2

[Event "Druzynowe Mistrzostw Polski Juniorow - II Liga"]
[Site "Wroclaw"]
[Date "1899-12-30"]
[Round "1.43"]
[White "Madajczak, Piotr"]
[Black "Maciaszek, Karol"]
[Result "1-0"]
[WhiteTitle "I+"]
[BlackTitle "I"]
[WhiteElo "1925"]
[BlackElo "1695"]

1. c4 Nf6 2. Nc3 c5 3. g3 g6 4. Bg2 Bg7 5. Nf3 Nc6 6. O-O O-O 7. d4 cxd4 8. Nxd4
a6 9. e3 Qc7 10. Nde2 d6 11. b3 Bg4 12. Bb2 Rac8 13. f3 Bd7 14. Qd2 Rfd8 15. Rac1
Qb8 16. Ba1 Qa7 17. Kh1 Ne5 1-0

[Event "Druzynowe Mistrzostw Polski Juniorow - II Liga"]
[Site "Wroclaw"]
[Date "1899-12-30"]
[Round "1.44"]
[White "Kucharski, Sylwester"]
[Black "Demski, Michal"]
[Result "0-1"]
[WhiteTitle "I"]
[BlackTitle "I+"]
[WhiteElo "1441"]
[BlackElo "1737"]

1. e4 e5 2. Nf3 Nc6 3. c3 Nf6 4. d4 d6 5. d5 Nb8 6. Be3 Be7 7. h3 O-O 8. Nbd2 Nxe4
9. Nxe4 f5 10. Bd3 fxe4 11. Bxe4 Bf5 12. Bxf5 Rxf5 13. Qc2 Rf8 14. Qb3 Qc8 15.
Nxe5 a5 16. Nf3 a4 17. Qc4 Nd7 18. O-O Rxf3 19. Bf4 Rxf4 20. Qxf4 a3 21. b3 Bf6
22. Qe3 Qe8 23. Qd2 Qg6 24. Rae1 Ne5 25. f4 Qd3 26. Qxd3 Nxd3 27. Re3 Nc5 28.
g4 h6 29. b4 Na4 30. Rff3 Nb6 31. Re6 Nxd5 32. g5 hxg5 33. fxg5 Bxc3 34. Rf5 Bd4+
35. Kh1 Be5 36. g6 Rf8 37. Rexe5 dxe5 38. Rxe5 Nxb4 39. Re2 c5 0-1

[Event "Druzynowe Mistrzostw Polski Juniorow - II Liga"]
[Site "Wroclaw"]
[Date "1899-12-30"]
[Round "1.45"]
[White "Grobelny, Mikolaj"]
[Black "Rajlich, Vaclav"]
[Result "1-0"]
[WhiteTitle "I"]
[BlackTitle "II"]
[WhiteElo "1504"]
[BlackElo "1326"]

1. e4 c5 2. Nf3 d6 3. d4 cxd4 4. Nxd4 Nf6 5. Nc3 g6 6. Bc4 Bg7 7. f3 O-O 8. Be3
Nc6 9. Qd2 Bd7 10. Bb3 Rc8 11. O-O a6 12. Rad1 b5 13. a4 Na5 14. axb5 Nxb3 15.
Nxb3 axb5 16. Nd4 h5 17. Ra1 h4 18. Ndxb5 h3 19. g3 Rb8 20. Nd4 Kh7 21. Nb3 Ng8
22. Bd4 Bh6 23. Be3 Bg7 24. Rad1 Nh6 25. Bd4 Bxd4+ 26. Qxd4 f5 27. e5 Qe8 28.
exd6 e5 29. Qd2 f4 30. Ne4 Nf5 31. gxf4 Nh4 32. fxe5 Qxe5 1-0

[Event "Druzynowe Mistrzostw Polski Juniorow - II Liga"]
[Site "Wroclaw"]
[Date "1899-12-30"]
[Round "1.46"]
[White "Bombinski, Michal"]
[Black "Stogiera, Aleksander"]
[Result "1-0"]
[WhiteTitle "II"]
[BlackTitle "II"]
[WhiteElo "1168"]
[BlackElo "1092"]

1. d4 d5 2. Nf3 c6 3. c3 Nf6 4. Bg5 Bf5 5. Nbd2 Nbd7 6. e3 h6 7. Bh4 e6 8. Be2
Bd6 9. c4 c5 10. O-O O-O 11. Qb3 Qc7 12. Rac1 b6 13. Rfd1 Rab8 14. Nf1 Ne4 15.
N3d2 a5 16. cxd5 Nxd2 17. Rxd2 exd5 18. Qxd5 Be6 19. Qf3 Bxa2 20. Bd1 Rb7 21.
b3 b5 22. Rxa2 c4 23. Bg3 Bxg3 24. Nxg3 Rbb8 25. Rac2 Rbe8 26. bxc4 bxc4 27. Rxc4
Qb8 28. Rc7 Nf6 29. Qb7 h5 30. Qxb8 Rxb8 31. h3 h4 32. Nf5 Nd5 33. Ne7+ Nxe7 34.
Rxe7 Rfc8 35. Rxc8+ Rxc8 36. Kf1 Ra8 37. Ba4 1-0

[Event "Druzynowe Mistrzostw Polski Juniorow - II Liga"]
[Site "Wroclaw"]
[Date "1899-12-30"]
[Round "1.47"]
[White "Jedrzejko, Martyna"]
[Black "Kicinska, Magdalena"]
[Result "0-1"]
[WhiteTitle "I+"]
[BlackTitle "I++"]
[WhiteElo "1533"]
[BlackElo "1440"]

1. e4 c6 2. d4 d5 3. Nc3 dxe4 4. Nxe4 Nf6 5. Nxf6+ exf6 6. Nf3 Bd6 7. Be2 O-O 8.
O-O Nd7 9. c4 b6 10. Be3 Bb7 11. Qc2 Re8 12. Rfd1 Rc8 13. a3 c5 14. dxc5 Nxc5
15. Bxc5 bxc5 16. Qd2 Qb6 17. Qxd6 Rxe2 18. Rd2 Qxd6 19. Rxd6 Rxb2 20. Rad1 h6
21. Rd7 a5 22. Re1 Bc6 23. Ra7 a4 24. Kf1 Rc2 25. Ree7 Be8 26. Nh4 Rxc4 27. Nf5
Bb5 28. Ke1 Rd8 29. f3 Rc2 30. Rab7 Bd3 31. Ng3 Bg6 32. Ra7 Rc1+ 33. Kf2 Rd2+
34. Ke3 Rd3+ 35. Ke2 Rc2+ 36. Ke1 Rxa3 37. Red7 Ra1+ 38. Rd1 Rxd1+ 39. Kxd1 Ra2
40. Rc7 Rc2 41. Ra7 Rc4 42. Ne2 Bc2+ 43. Kd2 Bb3 44. Nc3 Rb4 45. Ra5 c4 46. Ra8+
Kh7 47. Ra7 Kg6 48. Ra5 Rb7 49. Ke3 Re7+ 50. Kf2 Kh7 51. Nxa4 Bxa4 52. Rxa4 Rc7
53. Ra2 c3 54. Rc2 g5 55. g4 Kg6 56. Ke3 h5 57. h3 f5 58. Kf2 hxg4 59. hxg4 f4
60. Ke2 Kf6 61. Kd3 Kg6 62. Rxc3 Rxc3+ 63. Kxc3 f5 64. gxf5+ Kxf5 65. Kd2 g4 66.
fxg4+ Kxg4 67. Ke1 Kg3 68. Kf1 Kf3 69. Kg1 Ke2 0-1

[Event "Druzynowe Mistrzostw Polski Juniorow - II Liga"]
[Site "Wroclaw"]
[Date "1899-12-30"]
[Round "1.48"]
[White "Kicinska, Anna"]
[Black "Rzadkowska, Kaja"]
[Result "0-1"]
[WhiteTitle "I+"]
[BlackTitle "I"]
[WhiteElo "1297"]
[BlackElo "1216"]

1. d4 d5 2. Nf3 e6 3. c3 c5 4. Bf4 Nc6 5. e3 Nf6 6. Bd3 Be7 7. Nbd2 Qb6 8. Qc2
O-O 9. h4 cxd4 10. exd4 Re8 11. Ne5 h6 12. Be2 Bd7 13. Ndf3 Rac8 14. Qb1 Nxe5
15. dxe5 Ne4 16. Be3 Bc5 17. Nd4 Qc7 18. Bf4 f6 19. f3 fxe5 20. Nb5 Bxb5 21. Bxb5
Rf8 22. Bh2 Nf6 23. Qc2 Qb6 24. Bd3 Bd6 25. Qd2 d4 26. Rb1 Qa5 27. b4 Qc7 28.
c4 Nd7 29. c5 Be7 30. Bg3 b6 31. cxb6 Nxb6 32. O-O Nd5 33. a3 Bd6 34. Rbc1 Qe7
35. Bc2 Rc3 36. Qe2 Ne3 37. Rfe1 Rxa3 38. Bf2 Bxb4 39. Bxe3 Rxe3 40. Qf2 Bxe1
41. Rxe1 Rxe1+ 42. Qxe1 Qc5 43. Bd3 Qd5 44. Qg3 Rf6 45. Be4 Qc5 46. Kh2 Qc1 47.
Qh3 Qf4+ 48. Kg1 Qe3+ 49. Kh2 d3 0-1

[Event "Druzynowe Mistrzostw Polski Juniorow - II Liga"]
[Site "Wroclaw"]
[Date "1899-12-30"]
[Round "1.49"]
[White "Pitera, Michal"]
[Black "Malik, Maciej"]
[Result "1/2-1/2"]
[WhiteTitle "I"]
[BlackTitle "I++"]
[WhiteElo "1794"]
[BlackElo "1984"]

1. d4 Nf6 2. c4 g6 3. Nc3 Bg7 4. e4 d6 5. Be2 Nc6 6. Be3 e5 7. d5 Ne7 8. g4 h5
9. g5 Nd7 10. h4 a5 11. Qd2 O-O 12. f3 Nc5 13. Nh3 Bd7 14. Nf2 Nc8 15. Nd3 Qe7
16. O-O-O a4 17. Nxc5 dxc5 18. d6 cxd6 19. Bxc5 Be6 20. Bxd6 Nxd6 21. Qxd6 Qxd6
22. Rxd6 Rfc8 23. Nd5 Bf8 24. Rxe6 fxe6 25. Nb6 Bc5 26. Nxa8 Rxa8 27. Kc2 Kf7
28. Bd3 Be3 29. Kc3 Bd4+ 30. Kc2 Be3 31. Kc3 Bd4+ 32. Kc2 Be3 1/2-1/2

[Event "Druzynowe Mistrzostw Polski Juniorow - II Liga"]
[Site "Wroclaw"]
[Date "1899-12-30"]
[Round "1.50"]
[White "Karut, Kacper"]
[Black "Pulit, Kacper"]
[Result "1/2-1/2"]
[WhiteTitle "I"]
[BlackTitle "II"]
[WhiteElo "1835"]
[BlackElo "1330"]

1. e4 c5 2. Nf3 d6 3. d4 cxd4 4. Nxd4 Nf6 5. Nc3 a6 6. h4 e5 7. Nb3 Be6 8. f4 Nc6
9. f5 Bxb3 10. axb3 h5 11. Bg5 Be7 12. Bxf6 Bxf6 13. g3 Nb4 14. Nd5 Nxd5 15. Qxd5
Qb6 16. O-O-O Be7 17. Bc4 O-O 18. Kb1 Rac8 19. Qd3 Qc5 20. Qe2 b5 21. Bd3 Rfd8
22. Qxh5 d5 23. exd5 Rxd5 24. g4 Rxd3 25. cxd3 Qc2+ 26. Ka2 Rc3 27. Rc1 Qxb3+
28. Kb1 Ba3 29. Rh2 Rxc1+ 30. Kxc1 Qc3+ 31. Kb1 Qxd3+ 32. Ka2 Bxb2 33. Rxb2 Qd5+
34. Ka1 Qd1+ 35. Ka2 Qa4+ 36. Kb1 Qd1+ 37. Ka2 Qa4+ 38. Kb1 Qd1+ 39. Ka2 Qa4+
40. Kb1 1/2-1/2